<?xml version="1.0" encoding="UTF-8"?>
<record
    xmlns:xsi="http://www.w3.org/2001/XMLSchema-instance"
    xsi:schemaLocation="http://www.loc.gov/MARC21/slim http://www.loc.gov/standards/marcxml/schema/MARC21slim.xsd"
    xmlns="http://www.loc.gov/MARC21/slim">

  <leader>01040nam a22002297a 4500</leader>
  <controlfield tag="003">LK-CoDNM</controlfield>
  <controlfield tag="005">20241018144808.0</controlfield>
  <controlfield tag="008">241015b        |||||||| |||| 00| 0 eng d</controlfield>
  <datafield tag="040" ind1=" " ind2=" ">
    <subfield code="a">LK-CoDNM</subfield>
    <subfield code="d">LK-CoDNM</subfield>
    <subfield code="e">LK-CoDNM</subfield>
  </datafield>
  <datafield tag="041" ind1=" " ind2=" ">
    <subfield code="a">eng</subfield>
    <subfield code="h">Sinhala</subfield>
  </datafield>
  <datafield tag="080" ind1=" " ind2=" ">
    <subfield code="a">&#xDB4;&#xDCA;&#x200D;&#xDBB;.&#xDB6;</subfield>
    <subfield code="b">2.e</subfield>
  </datafield>
  <datafield tag="100" ind1=" " ind2=" ">
    <subfield code="a">&#xDA9;&#xDD3;. &#xD8A;. &#xDC4;&#xDD9;&#xDA7;&#xDCA;&#xDA7;&#xDD2;&#xD86;&#xDBB;&#xDA0;&#xDCA;&#xDA0;&#xDD2;</subfield>
  </datafield>
  <datafield tag="245" ind1=" " ind2=" ">
    <subfield code="a">&#xDB6;&#xDAF;&#xDCA;&#xDAF;&#xDDA;&#xD9C;&#xDB8;-&#xD9C;&#xDAB;&#xDDA;&#xD9C;&#xDB8; &#xDB6;&#xDD4;&#xDAF;&#xDCA;&#xDB0; &#xDC3;&#xDCF;&#xDC3;&#xDB1; &#xDC3;&#xDB8;&#xDD2;&#xDAD;&#xDD2;&#xDBA;&#xDDA; &#xDC0;&#xDCF;&#xDBB;&#xDC2;&#xDD2;&#xD9A; &#xDB0;&#xDBB;&#xDCA;&#x200D;&#xDB8; &#xDC3;&#xD82;&#xD9C;&#xDCA;&#x200D;&#xDBB;&#xDC4;&#xDBA;-1954</subfield>
    <subfield code="b">1 &#xD9A;&#xDCF;&#xDAB;&#xDCA;&#xDA9;&#xDBA; 1 &#xD9A;&#xDBD;&#xDCF;&#xDB4;&#xDBA;</subfield>
  </datafield>
  <datafield tag="260" ind1=" " ind2=" ">
    <subfield code="a">&#xD9A;&#xDDC;&#xDC5;&#xDB9;</subfield>
    <subfield code="c">1954</subfield>
    <subfield code="b">&#xDC3;&#xDB8;&#xDBA;&#xDC0;&#xDBB;&#xDCA;&#x200D;&#xDB0;&#xDB1; &#xDB8;&#xDD4;&#xDAF;&#xDCA;&#x200D;&#xDBB;&#xDAB;&#xDCF;&#xDBD;&#xDBA;</subfield>
  </datafield>
  <datafield tag="300" ind1=" " ind2=" ">
    <subfield code="b">55p. ; 24 cm</subfield>
  </datafield>
  <datafield tag="650" ind1=" " ind2=" ">
    <subfield code="a">&#xDB6;&#xDAF;&#xDCA;&#xDAF;&#xDDA;&#xD9C;&#xDB8;-&#xD9C;&#xDAB;&#xDDA;&#xD9C;&#xDB8; &#xDB6;&#xDD4;&#xDAF;&#xDCA;&#xDB0; &#xDC3;&#xDCF;&#xDC3;&#xDB1; &#xDC3;&#xDB8;&#xDD2;&#xDAD;&#xDD2;&#xDBA;&#xDDA; &#xDC0;&#xDCF;&#xDBB;&#xDC2;&#xDD2;&#xD9A; &#xDB0;&#xDBB;&#xDCA;&#x200D;&#xDB8; &#xDC3;&#xD82;&#xD9C;&#xDCA;&#x200D;&#xDBB;&#xDC4;&#xDBA;-1954</subfield>
  </datafield>
  <datafield tag="650" ind1=" " ind2=" ">
    <subfield code="a">1 &#xD9A;&#xDCF;&#xDAB;&#xDCA;&#xDA9;&#xDBA; 1 &#xD9A;&#xDBD;&#xDCF;&#xDB4;&#xDBA;</subfield>
  </datafield>
  <datafield tag="650" ind1=" " ind2=" ">
    <subfield code="a">&#xDB4;&#xDCA;&#x200D;&#xDBB;.&#xDB6; 2.e</subfield>
  </datafield>
  <datafield tag="650" ind1=" " ind2=" ">
    <subfield code="a">&#xDA9;&#xDD3;. &#xD8A;. &#xDC4;&#xDD9;&#xDA7;&#xDCA;&#xDA7;&#xDD2;&#xD86;&#xDBB;&#xDA0;&#xDCA;&#xDA0;&#xDD2;</subfield>
  </datafield>
  <datafield tag="650" ind1=" " ind2=" ">
    <subfield code="a">1954</subfield>
  </datafield>
  <datafield tag="942" ind1=" " ind2=" ">
    <subfield code="c">BK</subfield>
  </datafield>
  <datafield tag="952" ind1=" " ind2=" ">
    <subfield code="0">0</subfield>
    <subfield code="1">0</subfield>
    <subfield code="4">1</subfield>
    <subfield code="7">0</subfield>
    <subfield code="8">OBC</subfield>
    <subfield code="a">MAIN</subfield>
    <subfield code="b">MAIN</subfield>
    <subfield code="c">REF</subfield>
    <subfield code="d">2024-10-15</subfield>
    <subfield code="l">0</subfield>
    <subfield code="o">&#xDB4;&#xDCA;&#x200D;&#xDBB;.&#xDB6; 2.e</subfield>
    <subfield code="p">OJP3799</subfield>
    <subfield code="r">2024-10-18</subfield>
    <subfield code="w">2024-10-18</subfield>
    <subfield code="y">BK</subfield>
  </datafield>
  <datafield tag="999" ind1=" " ind2=" ">
    <subfield code="c">220211</subfield>
    <subfield code="d">220211</subfield>
  </datafield>
</record>
